000 00483nam a2200193Ia 4500
005 20250423101541.0
008 250422s9999 xx 000 0 und d
020 _a1844801985 (pbk.) |a 9781844801985 (pbk.)
050 _aG 155. P34 /
100 _aPage, Stephen,
245 0 _aTourism : a modern synthesis
250 _a2nd ed.
260 _aLondon
260 _bThomson
260 _c2006
300 _a546 p
650 _aTourism. Cities and towns.
942 _cBK
999 _c36614
_d36614